| 000 | 00884nmm a2200325 a 4500 | ||
|---|---|---|---|
| 003 | AR-BaBNM | ||
| 005 | 20251128203428.0 | ||
| 008 | 227119s1969 ||||||||||||||000 | spa|| | ||
| 040 | _cAR-BaBNM | ||
| 100 | 1 | _aGarcía Martínez, Carlos | |
| 245 | 1 | 0 |
_aLa telaraña argentina _beconomía política de la decadencia |
| 250 | _a3ª ed. | ||
| 260 |
_aBuenos Aires _bSudamericana _c1969 |
||
| 300 | 0 |
_a300 p. _btablas |
|
| 500 | 0 | _aApéndice estadístico p. 291-297 | |
| 650 | 4 | _aPOLITICA ECONOMICA | |
| 650 | 4 | _aGOBIERNO | |
| 650 | 4 | _aHISTORIA ECONOMICA | |
| 650 | 4 | _aHISTORIA POLITICA ARGENTINA | |
| 650 | 4 | _aTEORIA ECONOMICA | |
| 650 | 4 | _aRELACIONES INTERNACIONALES | |
| 650 | 4 | _aMONETARISMO | |
| 650 | 4 | _aCATOLICISMO | |
| 651 | 4 | _aArgentina | |
| 653 | 0 | _aAUTARQUIA | |
| 653 | 0 | _aECONOMIA POLITICA | |
| 653 | 0 | _aDESARROLLISMO | |
| 942 | _cBK | ||
| 998 | _cmariana | ||
| 999 |
_c3345 _d3345 |
||